Sufism In India: (Record no. 193257)

MARC details
000 -LEADER
fixed length control field 00640nam a22001937a 4500
005 - DATE AND TIME OF LATEST TRANSACTION
control field 20221018160009.0
010 ## - LCCN (DPL NO)
LC control number ENG-135489
020 ## - INTERNATIONAL STANDARD BOOK NUMBER
International Standard Book Number 9789381245767
Terms of availability 300.00
035 ## - SYSTEM CONTROL NUMBER
System control number EN-119021
037 ## - SOURCE OF ACQUISITION
Source of stock number/acquisition DBAD/PUB
082 ## - DEWEY DECIMAL CLASSIFICATION NUMBER
Classification number 297.40954
245 ## - TITLE STATEMENT
Title Sufism In India:
Remainder of title Interpretative Essays/
Statement of responsibility, etc Edited by Emili Rumi and Swapan Kumar Sarkar
260 ## - PUBLICATION, DISTRIBUTION, ETC. (IMPRINT)
Place of publication, distribution, etc Kolkata
Name of publisher, distributor, etc Anriruddha Mondal
Date of publication, distribution, etc 2016
270 ## - ADDRESS
Address 10/2B, Ramanath Majumder Street
City Kolkata
Postal code 700009
Electronic mail address ashadeep.publication@gmail.com
300 ## - PHYSICAL DESCRIPTION
Extent xiv, 224p.
Dimensions 21cm(hb)
700 ## - ADDED ENTRY--PERSONAL NAME
Personal name Rumi, Emili
700 ## - ADDED ENTRY--PERSONAL NAME
Personal name Sarkar, Swapan Kumar
942 ## - ADDED ENTRY ELEMENTS (KOHA)
Source of classification or shelving scheme Dewey Decimal Classification
Item type English Books
Call number suffix SUF
Classification part 297.40954
Holdings
Withdrawn status Lost status Not for loan Collection code Home library Current library Date acquired Source of acquisition Cost, normal purchase price Full call number Barcode Copy number Cost, replacement price Koha item type
      Non-fiction Vinoba Puri Vinoba Puri 18/10/2022 DBAD/PUB 300.00 297.40954 SUF EN-119021 1 300.00 English Books

© Delhi Public Library
Hit Counter
free hit counter